000 00631nam a2200217Ia 4500
003 GCL
008 140319s9999 xx 000 0 eng d
040 _aGCL /
_cGCL
082 0 4 _a004.6
_bT W
100 1 _aTILTON, ERIC
245 1 0 _aWEB WEAVING: DESIGNING AND MANAGING AN EFFECTIVE WEB SITE /
_cTILTON, ERIC
700 1 _aSTEADMAN, CARL
700 1 _aJAMES, TYLER
260 _a[S.N] :
_bADDISON - WESLEY PUBLISHING COMPANY ،
_c1996
300 _a545 P
650 0 4 _aCOMPUTER PROGRAMS, JAVA
650 0 4 _aCOMMUNICATION
650 0 4 _aCOMPUTER PROGRAMS, WEB
650 0 4 _aCOMPUTER SOFTWARE - INTERNET
942 _2ddc
_cBK
999 _c13464
_d13464